| 000 | 00814nam a22002297a 4500 | ||
|---|---|---|---|
| 003 | UA-OsUOA | ||
| 001 | 47467 | ||
| 007 | ta | ||
| 008 | 20120615b un ||||| |||| 00| 0 ukr d | ||
| 090 | _a94(477).152(К)/061 | ||
| 942 | _cBK | ||
| 040 |
_aUA-OsUOA _bukr _cUA-OsUOA _dUA-OsUOA |
||
| 245 | _a30-річчя Товариства колишніх вояків Української Повстанської Армії в Канаді, Торонто, 27 лютого 1982 року | ||
| 300 | _a64 с. | ||
| 955 | _a4 | ||
| 041 | _aukr | ||
| 080 | _a94(477).152(К)/061 | ||
| 260 |
_aТоронто _c1982 |
||
| 650 | 7 |
_a9 Географія. Біографії. Історія _2UDC |
|
| 999 |
_c427567 _d427567 |
||